Countries that have won the Eurovision Song Contest - Statistics

General Stats
  • This quiz has been taken 1,148 times
    780 since last reset
  • The average score is 25 of 27
Answer Stats
Hint Answer % Correct
5 United Kingdom
100%
7 Ireland
99%
6 Sweden
99%
3 Norway
98%
2 Spain
97%
5 France
96%
2 Germany
96%
3 Denmark
95%
1 Finland
95%
2 Italy
95%
1 Portugal
95%
2 Ukraine
95%
5 Netherlands
94%
1 Russia
94%
2 Austria
92%
4 Israel
92%
1 Greece
91%
1 Serbia
90%
1 Belgium
89%
5 Luxembourg
89%
2 Switzerland
89%
1 Latvia
88%
1 Estonia
87%
1 Turkey
86%
1 Azerbaijan
81%
1 Monaco
73%
1 Yugoslavia
69%
No matching quizzes found
Score Distribution
Percent of People with Each Score
Percentile by Number Answered
Your Score History
You have not taken this quiz since the last reset